000 00629cam a22002293a 4500
001 16304
003 PGUSA
005 20140828083340.0
008 050715s2005||||xxu|||||s|||||000 1 eng d
040 _aPGUSA
_beng
042 _adc
050 4 _aPT
100 1 _aKafka, Franz,
_d1883-1924
245 1 0 _aDer Heizer :
_bEin Fragment
_h[electronic resource] /
_cFranz Kafka
260 _bProject Gutenberg,
_c2005
506 _aPublic domain in the USA.
516 _aElectronic text
653 _aImmigrants -- Fiction
830 0 _aProject Gutenberg
_v16304
856 4 0 _uhttp://www.gutenberg.org/ebooks/16304
942 _cEB
999 _c245559
_d245559